00833nam a2200205Ia 4500008004100000040001800041041000800059110003600067245013300103246005600236255002500292260007000317300003400387505007100421650003300492650002600525651001800551651002800569650003000597130821s sp a gr spa  aCo-BoUCMbspa00aspa2 aInstituto Cartográfico Latino23aLa Grecia clásica (siglo v.a.c). El Imperio de Alejandro (323 a.c.) [material cartográfico]cInstituto Cartográfico Latino23aEl Imperio Romano. Apogeo (a finales del siglo II). aEscala 1 : 4.850.000 aBarcelona (España)bEdiciones Vicens Vivesc[fecha desconocida] a1 mapa sobe 1 pliegobcolores0 aEn el reversotEl Imperio Romano. Apogeo (a finales del siglo II).04aCivilización griegavMapas04aGeografía de Europa 4aEuropavMapas 4aGreciaxHistoriavMapas04aImperio bizantino vMapas